| 000 | 00434nam a22001577a 4500 | ||
|---|---|---|---|
| 005 | 20251013102842.0 | ||
| 008 | 251013b |||||||| |||| 00| 0 eng d | ||
| 020 |
_a9780571215218 _qpbk |
||
| 041 | _aeng | ||
| 082 |
_a823.0083 _bARD |
||
| 100 | _aArdagh, Philip | ||
| 245 |
_aThe Fall Of Fergal _cby Philip Ardagh Illustrated by David Roberts |
||
| 260 |
_aLondon _bFaber And Fabert Limited _c2002 |
||
| 300 | _a134p. | ||
| 942 | _cREF | ||
| 999 |
_c591497 _d591497 |
||